The Kurds in Turkey (Record no. 117672)
[ view plain ]
| 000 -LEADER | |
|---|---|
| fixed length control field | 01529nam a2200397 a 4500 |
| 082 04 - DEWEY DECIMAL CLASSIFICATION NUMBER | |
| Classification number | 323.1191/5970561 |
| 100 1# - MAIN ENTRY--AUTHOR NAME | |
| Personal name | Yildiz, Kerim. |
| 245 14 - TITLE STATEMENT | |
| Title | The Kurds in Turkey |
| 260 ## - PUBLICATION, DISTRIBUTION, ETC. (IMPRINT) | |
| Place of publication | London ; |
| -- | Ann Arbor, Mich. : |
| Name of publisher | Pluto Press in association with Kurdish Human Rights Project, |
| Year of publication | 2005. |
| 300 ## - PHYSICAL DESCRIPTION | |
| Number of Pages | xxix, 182 p. : |
| Other physical details | map. |
| 650 #0 - SUBJECT ADDED ENTRY--TOPICAL TERM | |
| Topical Term | Kurds |
| Topical Term | Kurds |
| Topical Term | Human rights |
| 700 1# - ADDED ENTRY--PERSONAL NAME | |
| Personal name | Chomsky, Noam. |
| 856 40 - ELECTRONIC LOCATION AND ACCESS | |
| Uniform Resource Identifier | http://site.ebrary.com/lib/rucke/Doc?id=10479747 |
No items available.
